TV Show Crochet Dolls Quiz Stats

 Plays Quiz Updated Jul 15, 2018

Challenge
Share
Tweet
Score 0/20 Timer 04:00
1 Play Today
% Correct
The Pink Panther
95.5%
The Simpsons
94.6%
Orange is the
New Black
94.6%
Star Trek
94.4%
SpongeBob
94%
South Park
93%
Family Guy
92.2%
Downton Abbey
88.6%
The Big Bang Theory
87.6%
Futurama
87.5%
% Correct
Breaking Bad
87.1%
Sherlock
83.3%
Supernatural
82.8%
Sons of Anarchy
79.3%
Game of Thrones
78.7%
American Dad
78.7%
The Walking Dead
75.8%
Glee
75.7%
Outlander
71.2%
Doctor Who
54.7%

You're not logged in!

Compare scores with friends on all Sporcle quizzes.
OR
Log In

You Might Also Like...

Show Comments

Extras

Top Quizzes Today


Score Distribution

Your Account Isn't Verified!

In order to create a playlist on Sporcle, you need to verify the email address you used during registration. Go to your Sporcle Settings to finish the process.

Report this User

Report this user for behavior that violates our Community Guidelines.

Details: